[Event "FICS rated standard game"]
[Site "FICS freechess.org"]
[Date "2014.06.24"]
[Round "?"]
[White "kautabak"]
[Black "rabbitshah"]
[Result "0-1"]
[WhiteElo "2020"]
[BlackElo "2020"]
[PlyCount "44"]
[EventDate "2014.??.??"]
[SourceTitle "OM Portal C 201906"]
[Source "Opening Master"]
[SourceDate "2019.06.27"]
[SourceVersion "1"]
[SourceVersionDate "2019.06.27"]
[SourceQuality "1"]

1. e4 e5 2. Nf3 Nc6 3. c3 Bc5 4. d4 exd4 5. cxd4 Bb6 6. Be2 d5 7. e5 Nge7 8.
Bg5 h6 9. Bh4 g5 10. Bg3 Bf5 11. O-O Qd7 12. Bb5 O-O-O 13. Nc3 Qe6 14. h3 Rhg8
15. Rc1 g4 16. hxg4 Bxg4 17. Ne2 Bxf3 18. gxf3 Qh3 19. Nf4 Rxg3+ 20. fxg3 Qxg3+
21. Ng2 Bxd4+ 22. Qxd4 Nxd4 0-1

[Event "Palanga Baltija op-A"]
[Site "Palanga"]
[Date "2014.06.21"]
[Round "9"]
[White "Barsciauskas, Gintautas"]
[Black "Liutvinas, Laurynas"]
[Result "1-0"]
[WhiteElo "1775"]
[BlackElo "1597"]
[PlyCount "97"]
[EventDate "2014.06.16"]
[EventType "swiss"]
[EventRounds "9"]
[EventCountry "LTU"]
[SourceTitle "CBM 161 Extra"]
[Source "ChessBase"]
[SourceDate "2014.08.29"]
[SourceVersion "1"]
[SourceVersionDate "2014.08.29"]
[SourceQuality "1"]

1. e4 e5 2. Nf3 Nc6 3. c3 Nf6 4. d3 d6 5. Be2 Be7 6. O-O Bg4 7. h3 Bh5 8. Nh2
Bxe2 9. Qxe2 h6 10. f4 Qd7 11. b4 a6 12. a4 Rf8 13. Na3 Nh7 14. f5 b6 15. Nc4
Nf6 16. Ne3 O-O-O 17. b5 axb5 18. axb5 Na5 19. Qb2 d5 20. Nf3 Qd6 21. Qc2 dxe4
22. dxe4 Qd3 23. Nxe5 Qxe4 24. Qxe4 Nxe4 25. Ba3 Bd6 26. N5c4 Nb3 27. Bxd6 Nxd6
28. Nxd6+ cxd6 29. Ra3 Na5 30. Rfa1 Kb7 31. Nd5 Ra8 32. Re1 Rfe8 33. Raa1 Re5
34. Rad1 Rae8 35. Rf1 Nc4 36. Rd4 Na3 37. c4 Nxc4 38. f6 g5 39. Ne7 Rc5 40. Nf5
Ne3 41. Nxd6+ Kb8 42. Nxe8 Nxf1 43. Kxf1 Rf5+ 44. Kg1 Rxb5 45. Rd8+ Ka7 46.
Rd7+ Kb8 47. Rxf7 Rf5 48. Nd6 Rf4 49. Rb7+ 1-0

[Event "Oslo Sveins op 7th"]
[Site "Oslo"]
[Date "2014.06.20"]
[Round "5"]
[White "Poulsen, Iver"]
[Black "Hertz, Matthew F"]
[Result "1-0"]
[WhiteElo "2112"]
[BlackElo "1561"]
[PlyCount "27"]
[EventDate "2014.06.20"]
[EventType "swiss"]
[EventRounds "9"]
[EventCountry "NOR"]
[SourceTitle "EXT 2015"]
[Source "ChessBase"]
[SourceDate "2014.11.20"]
[SourceVersion "1"]
[SourceVersionDate "2014.11.20"]
[SourceQuality "1"]

1. e4 e5 2. Nf3 Nc6 3. c3 Nf6 4. d4 exd4 5. e5 Ng4 6. cxd4 Bb4+ 7. Nc3 Qe7 8.
Be2 d6 9. h3 Nh6 10. Bg5 Qf8 11. O-O f6 12. Bxh6 gxh6 13. Nd5 fxe5 14. Nxb4 1-0

[Event "Barcelona Primavera La Lira op 7th"]
[Site "Barcelona"]
[Date "2014.06.19"]
[Round "9"]
[White "Soriano Girbau, Santiago"]
[Black "Guardia Cerda, Ricardo"]
[Result "1-0"]
[WhiteElo "1379"]
[BlackElo "1700"]
[PlyCount "138"]
[EventDate "2014.04.03"]
[EventType "swiss"]
[EventRounds "9"]
[EventCountry "ESP"]
[SourceTitle "EXT 2015"]
[Source "ChessBase"]
[SourceDate "2014.11.20"]
[SourceVersion "1"]
[SourceVersionDate "2014.11.20"]
[SourceQuality "1"]

1. e4 e5 2. Nf3 Nc6 3. c3 d5 4. d3 dxe4 5. dxe4 Qxd1+ 6. Kxd1 Bd6 7. Be3 Nf6 8.
Bd3 Be6 9. Nbd2 O-O 10. Ke2 Rfd8 11. Rhe1 Rd7 12. Rad1 Rad8 13. Nc4 Be7 14.
Ncxe5 Nxe5 15. Nxe5 Rd6 16. Bxa7 Ra6 17. Bxa6 Rxd1 18. Rxd1 bxa6 19. b4 Nxe4
20. Nc6 Nxc3+ 21. Kd2 Nxd1 22. Kxd1 Bd6 23. a3 Bxh2 24. Nb8 Bc4 25. Nc6 Bb5 26.
Na5 h5 27. g3 f5 28. Bb8 Bg1 29. Ke1 c6 30. Bf4 g6 31. a4 Bd3 32. Bg5 Be4 33.
Nb3 Bc2 34. Nc5 Be4 35. Nxa6 Kf8 36. Nc5 f4 37. Bxf4 Bh2 38. a5 h4 39. a6 h3
40. a7 Bg1 41. a8=Q+ Kf7 42. Qb7+ Kf6 43. Nxe4+ Kf5 44. Nd6+ Kg4 45. Qxc6 h2
46. f3+ Kh3 47. Qc8+ Kg2 48. Qc2+ Kh3 49. Qxh2+ Kxh2 50. Kf1 Bb6 51. Nc4 Bd4
52. Be3 Bf6 53. b5 Kxg3 54. Ke2 g5 55. b6 Bd8 56. b7 Bc7 57. Bb6 Bb8 58. Na5 g4
59. fxg4 Kxg4 60. Kd3 Kf5 61. Kd4 Ke6 62. Kc5 Kd7 63. Nc6 Bg3 64. Ba7 Bf4 65.
Bb8 Bc7 66. Bxc7 Kxc7 67. Nd8 Kb8 68. Kc6 Ka7 69. Kc7 Ka6 1-0

[Event "Wch Blitz"]
[Site "Dubai"]
[Date "2014.06.19"]
[Round "7"]
[White "Morozevich, Alexander"]
[Black "Vallejo Pons, Francisco"]
[Result "0-1"]
[WhiteElo "2731"]
[BlackElo "2698"]
[PlyCount "120"]
[EventDate "2014.06.19"]
[EventType "swiss (blitz)"]
[EventRounds "21"]
[EventCountry "UAE"]
[SourceTitle "CBM 160 Extra"]
[Source "ChessBase"]
[SourceDate "2014.07.01"]
[SourceVersion "1"]
[SourceVersionDate "2014.07.01"]
[SourceQuality "1"]

1. e4 e5 2. Nf3 Nc6 3. c3 d5 4. Qa4 f6 5. d3 Nge7 6. Be2 Be6 7. O-O Qd7 8. Nbd2
a6 9. Re1 O-O-O 10. b4 Kb8 11. Rb1 Nd4 12. b5 axb5 13. Qd1 Nxe2+ 14. Qxe2 dxe4
15. dxe4 Qd3 16. Qd1 Qxb1 17. Nxb1 Rxd1 18. Rxd1 Nc6 19. a3 Be7 20. Be3 b6 21.
Ne1 Na5 22. f4 Nc4 23. Bc1 exf4 24. Bxf4 Bc5+ 25. Kf1 Be3 26. Bg3 Kc8 27. Nf3
Rd8 28. Rxd8+ Kxd8 29. Ke2 Bc5 30. e5 Nxa3 31. Nxa3 Bxa3 32. exf6 gxf6 33. Nd4
Bd5 34. Bxc7+ Kxc7 35. Nxb5+ Kc6 36. Nxa3 Bxg2 37. Nc2 Kc5 38. Ne3 Be4 39. Kf2
Kb5 40. Kg3 Ka4 41. Kf4 f5 42. Ke5 b5 43. Kd4 Kb3 44. Nf1 Kc2 45. Ng3 h6 46. h4
Kd2 47. Nh5 Ke2 48. Ng7 Kf3 49. Ne8 Kg4 50. Nd6 Kxh4 51. Nxb5 Kg3 52. Ke3 h5
53. Nd4 h4 54. Ne2+ Kg4 55. Ng1 Bd5 56. Kd4 Bb7 57. c4 f4 58. Kd3 f3 59. Ke3
Kg3 60. c5 Bc6 0-1

[Event "Wch Blitz"]
[Site "Dubai"]
[Date "2014.06.19"]
[Round "1"]
[White "Morozevich, Alexander"]
[Black "Michalik, Peter"]
[Result "1-0"]
[WhiteElo "2731"]
[BlackElo "2557"]
[PlyCount "41"]
[EventDate "2014.06.19"]
[EventType "swiss (blitz)"]
[EventRounds "21"]
[EventCountry "UAE"]
[SourceTitle "CBM 160 Extra"]
[Source "ChessBase"]
[SourceDate "2014.07.01"]
[SourceVersion "1"]
[SourceVersionDate "2014.07.01"]
[SourceQuality "1"]

1. e4 e5 2. Nf3 Nc6 3. c3 d5 4. Qa4 dxe4 5. Nxe5 Nf6 6. Bc4 Be6 7. Nxc6 bxc6 8.
Bxe6 fxe6 9. Qxc6+ Kf7 10. O-O Bd6 11. f3 exf3 12. Rxf3 Rf8 13. d4 e5 14. Qc4+
Ke7 15. Bg5 h6 16. Bxf6+ Rxf6 17. Nd2 Qg8 18. Qe2 Re6 19. Raf1 exd4 20. Rf7+
Qxf7 21. Rxf7+ 1-0

[Event "FICS unrated standard game"]
[Site "FICS freechess.org"]
[Date "2014.06.19"]
[Round "?"]
[White "GMMorozevich"]
[Black "GMVallejoPons"]
[Result "0-1"]
[WhiteElo "2731"]
[BlackElo "2698"]
[PlyCount "107"]
[EventDate "2014.??.??"]
[SourceTitle "OM Portal C 201906"]
[Source "Opening Master"]
[SourceDate "2019.06.27"]
[SourceVersion "1"]
[SourceVersionDate "2019.06.27"]
[SourceQuality "1"]

1. e4 e5 2. Nf3 Nc6 3. c3 d5 4. Qa4 f6 5. d3 Nge7 6. Be2 Be6 7. O-O Qd7 8. Nbd2
a6 9. Re1 O-O-O 10. b4 Kb8 11. Rb1 Nd4 12. b5 axb5 13. Qd1 Nxe2+ 14. Qxe2 dxe4
15. dxe4 Qd3 16. Qd1 Qxb1 17. Nxb1 Rxd1 18. Rxd1 Nc6 19. a3 Be7 20. Be3 b6 21.
Ne1 Na5 22. f4 Nc4 23. Bc1 exf4 24. Bxf4 Bc5+ 25. Kf1 Be3 26. Bg3 Kc8 27. Nf3
Rd8 28. Rxd8+ Kxd8 29. Ke2 Bc5 30. e5 Nxa3 31. Nxa3 Bxa3 32. exf6 gxf6 33. Nd4
Bd5 34. Bxc7+ Kxc7 35. Nxb5+ Kc6 36. Nxa3 Bxg2 37. Nc2 Kc5 38. Ne3 Be4 39. Kf2
Kb5 40. Kg3 Ka4 41. Kf4 f5 42. Ke5 b5 43. Kd4 Kb3 44. Nf1 Kc2 45. Ng3 h6 46. h4
Kd2 47. Nh5 Ke2 48. Ng7 Kf3 49. Ne8 Kg4 50. Nd6 Kxh4 51. Nxb5 Kg3 52. Ke3 h5
53. Nd4 h4 54. Ne2+ 0-1

[Event "Wch Rapid"]
[Site "Dubai"]
[Date "2014.06.18"]
[Round "14"]
[White "Nepomniachtchi, Ian"]
[Black "Sargissian, Gabriel"]
[Result "1-0"]
[WhiteElo "2730"]
[BlackElo "2686"]
[PlyCount "129"]
[EventDate "2014.06.16"]
[EventType "swiss (rapid)"]
[EventRounds "15"]
[EventCountry "UAE"]
[SourceTitle "CBM 160 Extra"]
[Source "ChessBase"]
[SourceDate "2014.07.01"]
[SourceVersion "1"]
[SourceVersionDate "2014.07.01"]
[SourceQuality "1"]

1. e4 e5 2. Nf3 Nc6 3. c3 Nf6 4. d4 Nxe4 5. d5 Bc5 6. dxc6 Bxf2+ 7. Ke2 O-O 8.
Qd5 Nf6 9. cxb7 Nxd5 10. bxa8=Q Ba6+ 11. Kxf2 Qxa8 12. Bxa6 e4 13. Nd4 e3+ 14.
Kg1 Nf4 15. Bf1 Qe4 16. Nd2 Qg6 17. g3 c5 18. N4f3 d5 19. Nb3 Re8 20. Nxc5 Qc2
21. Bxe3 Rxe3 22. Re1 Rxe1 23. Nxe1 Qd2 24. gxf4 Qxe1 25. Nd3 Qe3+ 26. Kg2 Qe4+
27. Kg1 Qf3 28. Nf2 Qxf4 29. h4 Qd2 30. Nd3 Qe3+ 31. Nf2 Qd2 32. Rh3 Qxb2 33.
a4 Qa1 34. Rd3 g6 35. h5 Qxa4 36. Rxd5 Qf4 37. c4 a5 38. Rxa5 Kg7 39. Rd5 f5
40. hxg6 hxg6 41. Bd3 Qc1+ 42. Kg2 Qg5+ 43. Kf1 Qc1+ 44. Ke2 Qb2+ 45. Kf3 Qb7
46. Nd1 Kf6 47. Ne3 Qh7 48. Rd6+ Ke5 49. Rd5+ Kf6 50. Rd6+ Ke5 51. c5 Qh1+ 52.
Ke2 Kf4 53. Rd4+ Ke5 54. Rc4 Qc6 55. Kd2 Qa8 56. c6 Qa5+ 57. Ke2 Qc7 58. Nc2 g5
59. Nd4 Kd5 60. Nxf5 Qh2+ 61. Kd1 Qg1+ 62. Kc2 Qf2+ 63. Kb3 Qb6+ 64. Rb4 Qg1
65. c7 1-0

[Event "Lublin Zukertort Memorial 6th"]
[Site "Lublin"]
[Date "2014.06.18"]
[Round "3"]
[White "Lipski, Tadeusz"]
[Black "Szczepaniak, Lukasz"]
[Result "1-0"]
[WhiteElo "1987"]
[BlackElo "2055"]
[PlyCount "51"]
[EventDate "2014.06.17"]
[EventType "tourn"]
[EventRounds "7"]
[EventCountry "POL"]
[SourceTitle "CBM 161 Extra"]
[Source "ChessBase"]
[SourceDate "2014.08.29"]
[SourceVersion "1"]
[SourceVersionDate "2014.08.29"]
[SourceQuality "1"]

1. e4 e5 2. Nf3 Nc6 3. c3 Nf6 4. d4 d5 5. Bb5 a6 6. Bxc6+ bxc6 7. Nxe5 Nxe4 8.
O-O Bd7 9. f3 Nd6 10. Re1 Be7 11. Qe2 Nc8 12. c4 O-O 13. Nc3 Be8 14. Bf4 f6 15.
Nxc6 Bxc6 16. Qe6+ Rf7 17. Qxc6 Na7 18. Qxd5 Bb4 19. Re6 c6 20. Qe4 Qd7 21. Re1
Rff8 22. a3 Bxc3 23. bxc3 Nc8 24. Qxc6 Qxc6 25. Rxc6 Ra7 26. d5 1-0

[Event "Jermuk Asrian Memorial 7th"]
[Site "Jermuk"]
[Date "2014.06.16"]
[Round "1"]
[White "Nadanian, Ashot"]
[Black "Mkrtchyan, Sargis R"]
[Result "1-0"]
[WhiteElo "2416"]
[BlackElo "1954"]
[PlyCount "49"]
[EventDate "2014.06.16"]
[EventType "swiss"]
[EventRounds "9"]
[EventCountry "ARM"]
[SourceTitle "CBM 160 Extra"]
[Source "ChessBase"]
[SourceDate "2014.07.01"]
[SourceVersion "1"]
[SourceVersionDate "2014.07.01"]
[SourceQuality "1"]

1. e4 e5 2. Nf3 Nc6 3. c3 d5 4. Qa4 Bd7 5. exd5 Nd4 6. Qd1 Nxf3+ 7. Qxf3 Nf6 8.
Bc4 e4 9. Qe2 Bd6 10. d4 h6 11. h3 O-O 12. Be3 b5 13. Bb3 Qb8 14. Nd2 Re8 15.
O-O a5 16. a3 c6 17. dxc6 Bxc6 18. Rfc1 Nd5 19. Qg4 Re6 20. a4 Rg6 21. Qh5 Nf4
22. Bxf4 Rxg2+ 23. Kxg2 Bxf4 24. Qxf7+ Kh8 25. axb5 1-0

[Event "Llinars del Valles op-B 8th"]
[Site "Llinars del Valles"]
[Date "2014.06.14"]
[Round "7"]
[White "Arias Prieto, Diana"]
[Black "Capallera Guirao, Ferran"]
[Result "0-1"]
[WhiteElo "1787"]
[BlackElo "1867"]
[PlyCount "72"]
[EventDate "2014.04.26"]
[EventType "swiss"]
[EventRounds "8"]
[EventCountry "ESP"]
[SourceTitle "EXT 2015"]
[Source "ChessBase"]
[SourceDate "2014.11.20"]
[SourceVersion "1"]
[SourceVersionDate "2014.11.20"]
[SourceQuality "1"]

1. e4 e5 2. Nf3 Nc6 3. c3 Nf6 4. Qa4 a6 5. b4 Ra7 6. Be2 Be7 7. O-O O-O 8. d3
d5 9. exd5 Nxd5 10. Be3 Nxe3 11. fxe3 f5 12. Nbd2 Kh8 13. e4 f4 14. Nc4 b5 15.
Ncxe5 bxa4 16. Nxc6 Qd6 17. Nxa7 Qb6+ 18. d4 Qxa7 19. Ne5 Qb6 20. Bc4 Be6 21.
Rac1 Bxc4 22. Nxc4 Qc6 23. Nd2 g5 24. Rf2 Bxb4 25. Nf3 Ba3 26. Rcc2 Qb5 27. Rf1
g4 28. Ne5 Qb7 29. d5 Bc5+ 30. Kh1 Qb5 31. c4 Qe8 32. Re2 Qxe5 33. g3 f3 34.
Ree1 Rf6 35. h4 Qxg3 36. e5 Qg2# 0-1

[Event "Magdeburg op-B"]
[Site "Magdeburg"]
[Date "2014.06.13"]
[Round "8"]
[White "Silber, Kevin"]
[Black "Thumm, Niklas"]
[Result "1-0"]
[WhiteElo "1522"]
[BlackElo "1521"]
[PlyCount "59"]
[EventDate "2014.06.08"]
[EventType "swiss"]
[EventRounds "9"]
[EventCountry "GER"]
[SourceTitle "CBM 160 Extra"]
[Source "ChessBase"]
[SourceDate "2014.07.01"]
[SourceVersion "1"]
[SourceVersionDate "2014.07.01"]
[SourceQuality "1"]

1. e4 e5 2. Nf3 Nc6 3. c3 Nf6 4. d4 exd4 5. e5 Ng8 6. cxd4 d6 7. Qb3 dxe5 8.
Bc4 Qe7 9. O-O Nh6 10. d5 Nd8 11. Re1 f6 12. a3 Ndf7 13. Bb5+ Kd8 14. Nd4 Nd6
15. Nc3 a6 16. Bc4 b5 17. Nc6+ Ke8 18. Nxe7 bxc4 19. Qc2 Bxe7 20. Bxh6 gxh6 21.
Ne4 Nf5 22. Qxc4 Kf8 23. Qxc7 Rg8 24. d6 Rxg2+ 25. Kxg2 Nh4+ 26. Kf1 Bh3+ 27.
Ke2 Bg4+ 28. Kd3 Bd8 29. Qb7 Rc8 30. Rac1 1-0

[Event "Benidorm FEDC op 14th"]
[Site "Benidorm"]
[Date "2014.06.12"]
[Round "5"]
[White "Escudero Ocana, Francisco"]
[Black "Montilla Bejarano, Carmen"]
[Result "1-0"]
[WhiteElo "1467"]
[BlackElo "1130"]
[PlyCount "87"]
[EventDate "2014.06.08"]
[EventType "swiss"]
[EventRounds "7"]
[EventCountry "ESP"]
[SourceTitle "EXT 2016"]
[Source "ChessBase"]
[SourceDate "2015.10.10"]
[SourceVersion "1"]
[SourceVersionDate "2015.10.10"]
[SourceQuality "1"]

1. e4 e5 2. Nf3 Nc6 3. c3 Nf6 4. Qc2 d5 5. d3 dxe4 6. dxe4 Bc5 7. h3 O-O 8.
Nbd2 Be6 9. Bb5 Ne7 10. Nxe5 Ng6 11. Nef3 a6 12. Bc4 Bxc4 13. Nxc4 Nxe4 14.
Qxe4 Re8 15. Nce5 f6 16. Qc4+ Kh8 17. Qxc5 Nxe5 18. O-O Nd3 19. Qd4 Qxd4 20.
cxd4 Re7 21. Bd2 Rae8 22. b3 g5 23. Rad1 Nb2 24. Rde1 Rxe1 25. Rxe1 Rxe1+ 26.
Bxe1 Nd3 27. Bc3 h5 28. d5 g4 29. Bxf6+ Kh7 30. hxg4 hxg4 31. Nh4 Nf4 32. Be5
Nxd5 33. g3 c5 34. f4 gxf3 35. Kf2 b5 36. Kxf3 a5 37. Ke4 Ne7 38. Bd6 Ng8 39.
Bxc5 Nf6+ 40. Kf4 Nd7 41. Bd6 Kg8 42. g4 Kf7 43. g5 Ke8 44. g6 1-0

[Event "Golden Sands Europe op 3rd"]
[Site "Golden Sands"]
[Date "2014.06.11"]
[Round "2"]
[White "Azarya, Jodi Setyaki"]
[Black "Enchev, Ivajlo"]
[Result "1/2-1/2"]
[WhiteElo "2217"]
[BlackElo "2421"]
[PlyCount "58"]
[EventDate "2014.06.10"]
[EventType "swiss"]
[EventRounds "9"]
[EventCountry "BUL"]
[SourceTitle "CBM 160 Extra"]
[Source "ChessBase"]
[SourceDate "2014.07.01"]
[SourceVersion "1"]
[SourceVersionDate "2014.07.01"]
[SourceQuality "1"]

1. e4 e5 2. Nf3 Nc6 3. c3 Nf6 4. d4 Nxe4 5. d5 Ne7 6. Nxe5 Ng6 7. Qd4 Qe7 8.
Qxe4 Qxe5 9. Qxe5+ Nxe5 10. Be2 Bc5 11. Nd2 d6 12. b4 Bb6 13. Bb2 Bf5 14. O-O
Nd3 15. Bxd3 Bxd3 16. Rfe1+ Kd7 17. c4 f6 18. Rec1 c5 19. dxc6+ bxc6 20. c5
dxc5 21. bxc5 Bc7 22. Nb3 Be4 23. Rc4 Rhe8 24. Bc3 Re7 25. Re1 Rae8 26. Ra4 Bb8
27. f3 Bd5 28. Rxe7+ Rxe7 29. Kf2 Kc8 1/2-1/2

[Event "AUT-ch U14"]
[Site "Woerth"]
[Date "2014.06.09"]
[Round "6"]
[White "Loreth, Viktor"]
[Black "Koelber, Daniel"]
[Result "0-1"]
[WhiteElo "2018"]
[BlackElo "1287"]
[PlyCount "92"]
[EventDate "2014.06.07"]
[EventType "swiss"]
[EventRounds "7"]
[EventCountry "AUT"]
[SourceTitle "EXT 2016"]
[Source "ChessBase"]
[SourceDate "2015.10.10"]
[SourceVersion "1"]
[SourceVersionDate "2015.10.10"]
[SourceQuality "1"]

1. e4 e5 2. Nf3 Nc6 3. c3 Nf6 4. d4 exd4 5. cxd4 d5 6. e5 Ne4 7. Nbd2 Bb4 8.
Be2 O-O 9. O-O Bf5 10. a3 Ba5 11. Nb3 Bb6 12. Be3 Qe7 13. Ne1 f6 14. f3 Ng5 15.
f4 Ne4 16. Bb5 fxe5 17. Bxc6 bxc6 18. fxe5 Bg6 19. Nf3 Bh5 20. Nbd2 Nxd2 21.
Qxd2 Bxf3 22. Rxf3 Rxf3 23. gxf3 Rf8 24. f4 c5 25. dxc5 Bxc5 26. Rc1 Bxe3+ 27.
Qxe3 c5 28. Rxc5 Rxf4 29. Rc8+ Rf8 30. Rxf8+ Kxf8 31. Qf3+ Qf7 32. Kf2 Qxf3+
33. Kxf3 Ke7 34. Ke3 Ke6 35. Kd4 g5 36. b4 h5 37. a4 g4 38. b5 h4 39. Ke3 Kxe5
40. a5 d4+ 41. Ke2 Kd5 42. Kd3 Kc5 43. b6 axb6 44. axb6 Kxb6 45. Kxd4 g3 46.
hxg3 h3 0-1

[Event "HUN-POL m"]
[Site "Budapest"]
[Date "2014.06.09"]
[Round "2.2"]
[White "Bartel, Mateusz"]
[Black "Erdos, Viktor"]
[Result "1/2-1/2"]
[WhiteElo "2641"]
[BlackElo "2647"]
[PlyCount "53"]
[EventDate "2014.06.08"]
[EventType "schev"]
[EventRounds "6"]
[EventCountry "HUN"]
[SourceTitle "CBM 161"]
[Source "ChessBase"]
[SourceDate "2014.07.16"]
[SourceVersion "1"]
[SourceVersionDate "2014.07.16"]
[SourceQuality "1"]
[WhiteTeam "Poland"]
[BlackTeam "Hungary"]
[WhiteTeamCountry "POL"]
[BlackTeamCountry "HUN"]

1. e4 e5 2. Nf3 Nc6 3. c3 Nf6 4. d4 exd4 5. e5 Nd5 6. cxd4 Bb4+ 7. Nbd2 d6 8.
Bb5 O-O 9. O-O Bg4 10. Bxc6 bxc6 11. Nc4 f6 12. e6 Qb8 13. a3 Qb5 14. Ne3 Nxe3
15. fxe3 Ba5 16. b4 Bb6 17. a4 Qxb4 18. Bd2 Qc4 19. a5 Qxe6 20. Qa4 Qe4 21.
Rfc1 c5 22. Qb3+ Kh8 23. axb6 axb6 24. Ne1 Bf5 25. Nf3 Bg4 26. Ne1 Bf5 27. Nf3
1/2-1/2

[Event "AUT-ch U14"]
[Site "Woerth"]
[Date "2014.06.08"]
[Round "4"]
[White "Loreth, Viktor"]
[Black "Pawlik, Noel"]
[Result "1-0"]
[WhiteElo "2018"]
[BlackElo "1386"]
[PlyCount "55"]
[EventDate "2014.06.07"]
[EventType "swiss"]
[EventRounds "7"]
[EventCountry "AUT"]
[SourceTitle "EXT 2016"]
[Source "ChessBase"]
[SourceDate "2015.10.10"]
[SourceVersion "1"]
[SourceVersionDate "2015.10.10"]
[SourceQuality "1"]

1. e4 e5 2. Nf3 Nc6 3. c3 Nf6 4. Qa4 d6 5. d4 exd4 6. cxd4 Bd7 7. Nc3 Be7 8.
Qb3 Rb8 9. Bd3 Bg4 10. h3 Bxf3 11. gxf3 Nxd4 12. Qd1 Qd7 13. Be3 Ne6 14. Bxa7
Ra8 15. Be3 Nc5 16. Bc4 Ne6 17. Qb3 Nd8 18. Rd1 O-O 19. Rg1 g6 20. Nd5 Nxd5 21.
Bxd5 c6 22. Bc4 Qxh3 23. Ke2 Qh5 24. Rh1 Qe5 25. Bd4 Qg5 26. Rdg1 Qa5 27. Rxg6+
hxg6 28. Rh8# 1-0

[Event "Benidorm FEDC op 14th"]
[Site "Benidorm"]
[Date "2014.06.08"]
[Round "1"]
[White "Escudero Ocana, Francisco"]
[Black "Mesa Garcia, Angel"]
[Result "0-1"]
[WhiteElo "1467"]
[BlackElo "1700"]
[PlyCount "90"]
[EventDate "2014.06.08"]
[EventType "swiss"]
[EventRounds "7"]
[EventCountry "ESP"]
[SourceTitle "EXT 2016"]
[Source "ChessBase"]
[SourceDate "2015.10.10"]
[SourceVersion "1"]
[SourceVersionDate "2015.10.10"]
[SourceQuality "1"]

1. e4 e5 2. Nf3 Nc6 3. c3 Nf6 4. d3 d5 5. Qe2 Bg4 6. Nbd2 Be7 7. g3 O-O 8. Bg2
Qd7 9. O-O Rfe8 10. exd5 Nxd5 11. Ne4 Bh3 12. Neg5 Bxg2 13. Kxg2 Bxg5 14. Bxg5
h6 15. Be3 Qg4 16. Rfe1 Nf4+ 17. Bxf4 exf4 18. Qd2 fxg3 19. hxg3 Rad8 20. Rxe8+
Rxe8 21. Re1 Re6 22. Rxe6 Qxe6 23. c4 a5 24. Qf4 Qd7 25. d4 Qe7 26. Ne5 g5 27.
Nxc6 bxc6 28. Qd2 c5 29. d5 Qe4+ 30. f3 Qxc4 31. Qxa5 Qxd5 32. Qxc7 Qxa2 33.
Kh3 Qxb2 34. Qc8+ Kg7 35. Qxc5 Qa2 36. Qe5+ f6 37. Qe7+ Qf7 38. Qxf7+ Kxf7 39.
Kg4 Kg6 40. f4 h5+ 41. Kh3 gxf4 42. gxf4 Kf5 43. Kh4 Kxf4 44. Kxh5 f5 45. Kg6
Kg4 0-1

[Event "Benidorm FEDC op 14th"]
[Site "Benidorm"]
[Date "2014.06.08"]
[Round "1"]
[White "Venegas Nuno, Francisco"]
[Black "Fernandez Fernandez, Lidia Raq"]
[Result "1-0"]
[WhiteElo "1695"]
[BlackElo "1186"]
[PlyCount "47"]
[EventDate "2014.06.08"]
[EventType "swiss"]
[EventRounds "7"]
[EventCountry "ESP"]
[SourceTitle "EXT 2016"]
[Source "ChessBase"]
[SourceDate "2015.10.10"]
[SourceVersion "1"]
[SourceVersionDate "2015.10.10"]
[SourceQuality "1"]

1. e4 e5 2. Nf3 Nc6 3. c3 Nf6 4. d3 b6 5. Be2 Bb7 6. O-O Be7 7. Nbd2 O-O 8. d4
d6 9. Qc2 exd4 10. cxd4 Qd7 11. a3 d5 12. e5 Ne4 13. Nxe4 dxe4 14. Qxe4 Na5 15.
Qd3 c5 16. Be3 Rac8 17. Rac1 cxd4 18. Qxd4 Qxd4 19. Nxd4 Nc6 20. Nf5 Rfd8 21.
Rxc6 Bxc6 22. Nxe7+ Kf8 23. Nxc8 Rxc8 24. Rc1 1-0

[Event "Maastricht Limburg op-A 8th"]
[Site "Maastricht"]
[Date "2014.06.07"]
[Round "3"]
[White "Broekmeulen, Jasper"]
[Black "Van den Doel, Erik"]
[Result "1/2-1/2"]
[WhiteElo "2432"]
[BlackElo "2553"]
[PlyCount "42"]
[EventDate "2014.06.06"]
[EventType "swiss"]
[EventRounds "7"]
[EventCountry "NED"]
[SourceTitle "CBM 160 Extra"]
[Source "ChessBase"]
[SourceDate "2014.07.01"]
[SourceVersion "1"]
[SourceVersionDate "2014.07.01"]
[SourceQuality "1"]

1. e4 e5 2. Nf3 Nc6 3. c3 d5 4. Qa4 f6 5. Bb5 Nge7 6. exd5 Qxd5 7. d4 Bg4 8. c4
Qe4+ 9. Be3 Bxf3 10. Nd2 Qg6 11. gxf3 exd4 12. Bxd4 a6 13. O-O-O O-O-O 14. Be3
Nb8 15. Nb3 Rxd1+ 16. Rxd1 Nec6 17. Bxc6 Nxc6 18. Na5 f5 19. Rd5 Qg1+ 20. Rd1
Qg6 21. Rd5 Qg1+ 1/2-1/2

[Event "Sarajevo Bosna op-B 44th"]
[Site "Sarajevo"]
[Date "2014.06.04"]
[Round "7"]
[White "Cosovic, Aziz"]
[Black "Markovic, Rade A"]
[Result "1-0"]
[WhiteElo "2042"]
[BlackElo "1804"]
[PlyCount "90"]
[EventDate "2014.05.30"]
[EventType "swiss"]
[EventRounds "9"]
[EventCountry "BIH"]
[SourceTitle "CBM 160 Extra"]
[Source "ChessBase"]
[SourceDate "2014.07.01"]
[SourceVersion "1"]
[SourceVersionDate "2014.07.01"]
[SourceQuality "1"]

1. e4 e5 2. Nf3 Nc6 3. c3 Nf6 4. d4 Nxe4 5. d5 Bc5 6. dxc6 Nxf2 7. Qd5 Qe7 8.
cxb7 Bxb7 9. Qxb7 O-O 10. Rg1 e4 11. Nd4 Bxd4 12. cxd4 Nd3+ 13. Bxd3 exd3+ 14.
Kf2 c6 15. Rf1 Qh4+ 16. Kg1 Qxd4+ 17. Kh1 Rae8 18. Bd2 Re2 19. Qb4 Qd5 20. Qg4
f5 21. Qf3 Qd6 22. Bc3 Qg6 23. Nd2 Rfe8 24. Qg3 Qxg3 25. hxg3 g6 26. Rf3 R8e3
27. Rd1 Re1+ 28. Rxe1 Rxe1+ 29. Kh2 d5 30. Rxd3 Kf7 31. Nf3 Re7 32. Kg1 Ke8 33.
Kf2 Kd7 34. Ne5+ Kd6 35. Nf3 c5 36. Rd1 Kc6 37. Re1 Rb7 38. b3 Kd6 39. Re8 a5
40. Rd8+ Rd7 41. Rxd7+ Kxd7 42. Bxa5 c4 43. Ke3 Kc6 44. Kd4 cxb3 45. axb3 h6
1-0

[Event "San Francisco TNM Summer op"]
[Site "San Francisco"]
[Date "2014.06.03"]
[Round "2"]
[White "Oyuntseren, Togtokh"]
[Black "Casares, Nick Jr"]
[Result "1-0"]
[WhiteElo "1395"]
[BlackElo "1600"]
[PlyCount "55"]
[EventDate "2014.05.27"]
[EventType "swiss"]
[EventRounds "8"]
[EventCountry "USA"]
[SourceTitle "EXT 2016"]
[Source "ChessBase"]
[SourceDate "2015.10.10"]
[SourceVersion "1"]
[SourceVersionDate "2015.10.10"]
[SourceQuality "1"]

1. e4 e5 2. Nf3 Nc6 3. c3 Nf6 4. d4 exd4 5. cxd4 Bb4+ 6. Bd2 Bxd2+ 7. Nbxd2 O-O
8. Bd3 Nb4 9. Bc2 Nxc2+ 10. Qxc2 h6 11. O-O d6 12. Rac1 c6 13. h3 Re8 14. Rfe1
Bd7 15. e5 dxe5 16. dxe5 Nd5 17. Nc4 Re6 18. Nd6 Rg6 19. Kh2 Nf4 20. Rg1 Be6
21. Qe4 Nd5 22. Nh4 Rg5 23. f4 Rh5 24. Nf3 Qd7 25. h4 Bg4 26. g3 f5 27. Qd3 Rf8
28. Rce1 1-0